000 00442nam a2200193Ia 4500
008 101110s9999 xx 000 0 und d
041 _aENGLISH
082 _bSR13661
100 _aTandon S.L.
245 _aHistory of Modern China
365 _b20
520 _aHistory
546 _aENGLISH
630 _aHistory of Modern China
650 _aHistory
655 _aHistory
730 _aHistory of Modern China
942 _cBOOK
999 _c807826
_d807823